Growing up at thirty-seven /

Bibliographic Details
Main Author: Rubin, Jerry
Format: Book
Language:English
Published: New York : M. Evans ; [1976]
Subjects:

MARC

Tag First Indicator Second Indicator Subfields
LEADER 00000pam a2200000 i 4500
001 in00000481981
005 20151013052548.0
008 750916s1976 nyu 00010aeng
010 |a  75031572  
020 |a 0871311895 
035 |a (OCoLC)01694148 
035 |9 ACB6012AM 
040 |a DLC  |c DLC  |d TXA  |d UtOrBLW 
043 |a n-us--- 
049 |a TXAM  |c [1104978] 
050 0 0 |a HN90.R3  |b R88 
082 0 |a 322.4/2/0924 
100 1 |a Rubin, Jerry. 
245 1 0 |a Growing up at thirty-seven /  |c Jerry Rubin. 
264 1 |a New York :  |b M. Evans ;  |c [1976] 
264 2 |a Philadelphia :  |b Distributed by Lippincott, 
264 4 |c ©1976 
300 |a 208 pages ;  |c 22 cm. 
336 |a text  |b txt  |2 rdacontent 
337 |a unmediated  |b n  |2 rdamedia 
338 |a volume  |b nc  |2 rdacarrier 
600 1 0 |a Rubin, Jerry. 
650 0 |a Radicalism  |z United States. 
999 |a MARS 
999 f f |s d35d2d8e-03bd-3a14-973f-1c74f25b4d6a  |i 2e7b078e-56c4-3555-9c5b-bc914962b38c  |t 0 
952 f f |p ric  |a Texas A&M University  |b Rellis Campus  |c Joint Library Facility  |s JLF  |d Remote Storage  |t 0  |e HN90.R3 R88  |h Library of Congress classification  |i unmediated -- volume  |m A14802938476 
998 f f |a HN90.R3 R88  |t 0  |l Remote Storage